Central Library OPAC University of Rajshahi

Education for social work : (Record no. 50621)

MARC details
000 -LEADER
fixed length control field 00689nam a2200205 a 4500
001 - CONTROL NUMBER
control field 50621
003 - CONTROL NUMBER IDENTIFIER
rucl marc code BD-RjUL
005 - DATE AND TIME OF LATEST TRANSACTION
control field 20211209075534.0
008 - FIXED-LENGTH DATA ELEMENTS--GENERAL INFORMATION
fixed length control field 160828s1960 nyuar 1 a0eng d
035 ## - SYSTEM CONTROL NUMBER
System control number (BD-RjUL) 50741
040 ## - CATALOGING SOURCE
Original cataloging agency MUL
Transcribing agency MUL
Modifying agency OCL
-- NYG
-- NYS
-- BOS
-- BD-RjUL
Language of cataloging eng
041 ## - LANGUAGE CODE
Language code of text/sound track or separate title eng
082 ## - DEWEY DECIMAL CLASSIFICATION NUMBER
Edition number 23
Classification number 360.7
Author mark and year COE 1960
110 2# - MAIN ENTRY--CORPORATE NAME
Corporate name or jurisdiction name as entry element Council on Social Work Education
9 (RLIN) 148701
245 10 - TITLE STATEMENT
Title Education for social work :
Remainder of title proceedings of eighth Annual Program Meeting /
Statement of responsibility, etc. Council on Social Work Education
260 ## - PUBLICATION, DISTRIBUTION, ETC. (IMPRINT)
Place of publication, distribution, etc. New York, N.Y. :
Name of publisher, distributor, etc. The Council,
Date of publication, distribution, etc. c1960
300 ## - PHYSICAL DESCRIPTION
Pagination xvii, 186 p. :
Illustrations ill. ;
Size 23 cm.
650 #0 - SUBJECT ADDED ENTRY--TOPICAL TERM
Topical term or geographic name as entry element Social work education
General subdivision Congresses.
9 (RLIN) 151576
942 ## - ADDED ENTRY ELEMENTS (KOHA)
Source of classification or shelving scheme Dewey Decimal Classification
Koha item type Books
Holdings
Lost status Source of classification or shelving scheme Damaged status Not for loan Collection code Permanent Location Current Location Shelving location Date acquired Source of acquisition Total Checkouts Full call number Date last seen Copy number Koha item type Cost, normal purchase price
  Dewey Decimal Classification     Non-fiction Central Library, University of Rajshahi Central Library, University of Rajshahi   24/05/1965 Asia Foundation   361.307 COE 1960 28/08/2016 C-2 Books  
  Dewey Decimal Classification     Non-fiction Central Library, University of Rajshahi Central Library, University of Rajshahi   24/05/1965 Asia foundation   361.307 COE 1960 20/11/2016 C-3 Books 0.00